000 00366 a2200169 4500
001 184101
020 _a
040 _cMagnum
100 _aJones, Joyce
240 1 0 _aBoas maneiras para crianças
_lpor
245 1 0 _aBoas maneiras para crianças
300 _a32
362 0 _a1999
440 1 _aÁtica
697 _aLITERATURA INFANTO-JUVENIL
942 _cBK
999 _c184101
_d184101